[Event "South Wales Winter Open"]
[Site "?"]
[Date "2025.01.19"]
[Round "4.11"]
[White "Van Kemenade, Julie"]
[Black "Wilkins, Zack"]
[Result "1/2-1/2"]
[Annotator "Van Kemenade,Rudy"]
[WhiteElo "1808"]
[BlackElo "1687"]
[PlyCount "64"]
[GameId "2149921642856558"]
[EventDate "2025.01.21"]

{[%evp 0,64,20,7,-16,17,17,10,20,18,18,6,10,18,15,131,18,6,13,9,53,23,35,26,40,0,-9,15,4,-14,36,6,39,-10,32,-51,-24,-62,-57,22,-27,17,-2,-74,-64,-76,-144,-83,-165,-124,-181,-146,-54,-129,-155,-129,7,15,-205,38,70,-47,15,-14,1,44,94]} 1. e4 e5 2. Nf3 Nc6 3. Bb5 a6 4. Ba4 Nf6 5. d3 d6 (5... b5 6. Bb3 Be7 {main}) 6. c3 g6 7. O-O Bg7 8. Nbd2 O-O 9. h3 h6 10. Re1 Ne7 (10... Re8) (10... b5 {main lines}) 11. Nf1 (11. d4 b5 12. Bc2 Nd7 13. a4 Rb8 14. Nf1 $14 {SF17}) 11... Nh5 12. Ng3 (12. d4 {side attack usually best met by countering in the centre}) 12... Nf4 13. Ne2 (13. d4 $14) (13. Bxf4 exf4 14. Nf1 c5 15. d4 $11) 13... g5 14. Kh2 Neg6 $15 15. Ng3 Ne7 (15... Qf6 16. d4 g4 17. hxg4 Bxg4 18. Nf5 Nxg2 19. Kxg2 d5 20. Bc2 dxe4 21. Bxe4 Bxf5 22. dxe5 Qe6 23. Nd4 Bxe4+ 24. Rxe4 Qd5 25. Qf3 Rae8 26. c4 Qd7 27. Qf5 $11 {SF17}) 16. Rg1 {meeting a K side attack with aK side attack, is fighting on a level playing field.} (16. d4 {gives Wh extra space} c5 17. d5 g4 18. hxg4 Bxg4 19. Bc2 Neg6 20. Nf5 $18 {SF17}) 16... Be6 17. Qf1 (17. d4 b5 18. Bc2 c5 19. a4 $14 {SF17}) 17... c6 18. Bd1 (18. Bc2 $11) 18... d5 $15 19. Bxf4 exf4 20. Nh5 Bh8 (20... Ng6) 21. g3 fxg3+ 22. Nxg3 f5 (22... Ng6 {Wh has weakened the bl squares}) 23. exf5 (23. e5 Ng6 24. d4 g4 25. Ne2 Kh7 26. Qg2 h5 27. Ne1 Qg5 28. Kh1 Kg8 29. Bc2 $14 Nh4 30. f4 Nxg2 31. fxg5 Nxe1 32. Rgxe1 f4 33. h4 c5 34. Rad1 $11 {SF17- unusual pawn structure}) 23... Nxf5 24. Nxf5 Bxf5 25. d4 Qd6+ (25... Qb6 26. Qe2 Be4 27. Rg3 Rae8 28. Qd2 c5 29. dxc5 Qxc5 30. Kg1 Re7 $19 {Bl's pieces are more active and coordinated}) 26. Rg3 Be4 (26... Rf7 27. Ne5 Bxe5 28. dxe5 Qc5 (28... Qxe5 29. Bh5 Rg7 30. Re1 Qd6 $17) 29. b4 Qb6 30. Kg1 Raf8 $19 {SF17}) 27. Nd2 Qf4 (27... Bg6 28. Kg1 Rae8 $17) 28. Nxe4 dxe4 (28... Qxe4 29. Bh5 c5 30. Re1 Qf4 31. Kg2 cxd4 32. Re7 Bf6 33. Re6 Bg7 34. Rf3 Qh4 35. Qe2 Kh8 36. Bg4 $11 {SF17}) 29. Kg2 (29. Bb3+ Kh7 30. Kg1 Rae8 31. Re1 Qxg3+ 32. fxg3 Rxf1+ 33. Kxf1 Kg6 34. Bc2 Kf5 35. Ke2 Bg7 36. Ke3 a5 37. g4+ Ke6 38. Bxe4 $16 {SF17}) 29... Rf6 (29... Bf6 $11) 30. Bg4 (30. Bb3+ Kg7 31. Re1 Re8 32. Rge3 h5 33. Kg1 g4 34. hxg4 Qxg4+ 35. Qg2 Qxg2+ 36. Kxg2 Rf4 37. Bc2 Kh6 38. Bxe4 h4 39. Bc2 Rg8+ 40. Kf1 Rgf8 41. R1e2 Bf6 $16 {but it will be a long game}) 30... Raf8 31. Qc4+ Kh7 32. Rf1 Qd2 {[draw?]} (32... Bg7 $11) (32... Qd2 33. Qe2 Qxe2 34. Bxe2 Rf4 35. Re3 Kg8 36. Bc4+ Kg7 37. Bb3 g4 38. hxg4 Rxg4+ 39. Rg3 Rxg3+ 40. Kxg3 Kg6 41. Bc2 Kf5 42. f3 Ke6 43. Bxe4 Bf6 $14 {Wh is a pawn up, but the opposite colour Bs make it difficult for Wh to make any progress.}) 1/2-1/2

[Event "South Wales Winter Open"]
[Site "?"]
[Date "2025.01.19"]
[Round "5.10"]
[White "Harris, Calum"]
[Black "Van Kemenade, Julie"]
[Result "1-0"]
[Annotator "Van Kemenade,Rudy"]
[WhiteElo "1897"]
[BlackElo "1808"]
[PlyCount "61"]
[GameId "2149921642856559"]
[EventDate "2025.01.22"]

{[%evp 0,61,11,23,28,15,27,3,-5,8,39,27,42,27,16,46,47,41,46,23,27,11,-25,5,36,0,59,25,38,35,27,14,-11,-2,73,158,76,33,44,81,64,82,113,43,95,79,56,92,91,90,113,103,121,69,112,112,90,54,-88,-38,98,80,1094,1188]} 1. e4 d6 2. c4 e5 3. Nc3 Nf6 4. Nf3 Nbd7 (4... Nc6 5. d4 Bg4 {main}) 5. d3 (5. d4 Be7 {5799 games, Old Indian Defence}) 5... c6 6. g3 {2-3-1} (6. Be2 {4-3-7}) 6... h6 (6... Be7) (6... g6) 7. Bg2 Be7 8. O-O O-O (8... g5 9. d4 Qc7 {ey-Freund, Griesheim op 2011,0-1}) 9. Ne1 Nc5 (9... Re8 10. h3 a5 (10... a6 11. Be3 b5 12. b3 Bf8 13. f4 Bb7 14. f5 b4 (14... d5 $17) 15. Na4 $11 {Lorente Serrano-Gallegos, Leon blitz 2021,0-1}) 11. a4 {Bartlitz-Janz, GER ch Seniors 1997,1/2-1/2}) 10. f4 (10. b4 Ne6 11. Nc2 Re8 12. Be3 $14 {SF17}) 10... Bg4 (10... b5 $11 {SF17} 11. cxb5 (11. b4 Ne6 12. cxb5 cxb5 13. Nc2 $11) 11... cxb5 12. Nxb5 Qb6 $19) 11. Qc2 Bc8 (11... b5) 12. f5 Nh7 13. h4 Nd7 (13... b5) 14. Be3 Ndf6 15. Bf3 d5 $11 16. Nd1 dxe4 (16... b5 $11 {SF17} 17. c5 d4 18. Bd2 Nd7 19. b4 a5 20. Nf2 axb4 21. Bxb4 Kh8 $11) 17. dxe4 $16 Nd7 18. Qf2 b6 19. Nd3 Re8 20. Nc3 Bf6 21. Rad1 Qe7 22. Kg2 Ba6 23. b3 Red8 24. Rg1 Kf8 25. Kh3 (25. g4 $18 {SF17}) 25... Ke8 26. g4 (26. Na4 $18 {SF17}) 26... Ndf8 27. Qg3 g5 28. fxg6 (28. hxg5 Nxg5+ 29. Kg2 Rd7 30. Be2 Rad8) 28... Nxg6 29. h5 (29. g5 hxg5 30. hxg5 Bg7 31. Kh2 Rd6 32. Qh3 Rad8 33. Qxh7 Rxd3 34. Rxd3 Rxd3 35. Nd1 Kf8 $14) 29... Nh4 (29... Nf4+ $19 {Bl's original intention} 30. Bxf4 exf4 31. Qe1 Ng5+ (31... Bd4) 32. Kg2 Bd4 33. Rf1 (33. Rh1 b5 34. cxb5 Bxb5 35. Nf2 Qe5) (33. Nf2 Bc5 34. Qe2 Qe5 35. Na4 Bd4 36. Nd3 Qe7 37. Rge1 b5 38. cxb5 Bxb5 39. Nab2 Be3 $19) 33... Bc8 34. Nxf4 Nxf3 35. Kxf3 Qg5 $19 {SF17}) 30. Be2 Qb4 $2 31. Nxb4 1-0

[Event "South Wales Winter Open"]
[Site "?"]
[Date "2025.01.18"]
[Round "2.2"]
[White "Turner, George"]
[Black "Toczek, Grzegorz"]
[Result "1-0"]
[WhiteElo "1930"]
[BlackElo "2239"]
[PlyCount "99"]
[GameId "2149921642860656"]
[EventDate "2025.01.22"]

1. e4 g6 2. d4 Bg7 3. Nc3 c6 4. f4 d5 5. e5 Nh6 6. Nf3 O-O 7. Bd3 Na6 8. O-O Nc7 9. Qe1 f6 10. Bd2 Bg4 11. Qg3 Qd7 12. Nh4 Bf5 13. Nxf5 Nxf5 14. Qh3 e6 15. Bxf5 exf5 16. Ne2 b6 17. a4 c5 18. c3 Ne6 19. Qd3 a5 20. Kh1 h5 21. Ng1 Rfc8 22. Nf3 Kf7 23. exf6 Bxf6 24. Ne5+ Bxe5 25. fxe5 Kg7 26. Rf3 Rh8 27. b3 Rac8 28. Raf1 Rcf8 29. Rg3 Kh7 30. h4 Rhg8 31. Bg5 cxd4 32. cxd4 Nxg5 33. Rxg5 Qd6 34. Rc1 Rc8 35. Rxc8 Rxc8 36. Qa6 Qc6 37. Kh2 Qc1 38. Rg3 Qc6 39. Qb5 Qxb5 40. axb5 Kg7 41. Rd3 Rc1 42. Kg3 Re1 43. Rc3 Re4 44. Rc6 Rxd4 45. Rxb6 Rb4 46. Rb7+ Kf8 47. b6 Ke8 48. e6 Rxb3+ 49. Kf4 a4 50. Ke5 1-0

[Event "South Wales Winter Open"]
[Site "?"]
[Date "2025.01.18"]
[Round "2.3"]
[White "May, Adam"]
[Black "Fathallah, Joe"]
[Result "1/2-1/2"]
[WhiteElo "1906"]
[BlackElo "2036"]
[PlyCount "98"]
[GameId "2149921642860657"]
[EventDate "2025.01.22"]

1. d4 f5 2. Nc3 Nf6 3. Bf4 e6 4. g4 Bb4 5. g5 Ne4 6. Qd3 O-O 7. h4 d5 8. f3 Nxc3 9. bxc3 Bd6 10. Nh3 Na6 11. Bg2 c5 12. O-O Qc7 13. Qd2 Bd7 14. Bxd6 Qxd6 15. Qf4 Qxf4 16. Nxf4 cxd4 17. cxd4 Rac8 18. Rab1 b6 19. e4 dxe4 20. fxe4 Rxc2 21. exf5 exf5 22. Bd5+ Kh8 23. Nd3 Bc6 24. Bxc6 Rxc6 25. Ne5 Rd6 26. Rbc1 g6 27. Rfd1 Kg7 28. Nc4 Rd5 29. Ne5 Rfd8 30. Nc6 R8d7 31. a3 h6 32. Re1 hxg5 33. hxg5 f4 34. Ne5 Rc7 35. Rxc7+ Nxc7 36. Rc1 Ne6 37. Rc6 Nxd4 38. Rxg6+ Kf8 39. Rf6+ Ke8 40. Nf7 Ke7 41. Kf2 Rf5 42. Rxf5 Nxf5 43. Ne5 Nd4 44. Nd3 b5 45. Nxf4 Nc2 46. Kf3 Nxa3 47. Ke4 Nc4 48. Nd5+ Kf7 49. Kd4 Kg6 1/2-1/2

[Event "South Wales Winter Open"]
[Site "?"]
[Date "2025.01.18"]
[Round "2.5"]
[White "Hollyman, Mike"]
[Black "Pleasants, Allan"]
[Result "0-1"]
[WhiteElo "1632"]
[BlackElo "1989"]
[PlyCount "52"]
[GameId "2149921642860658"]
[EventDate "2025.01.22"]

1. c4 g6 2. Nc3 Bg7 3. g3 Nf6 4. Bg2 O-O 5. e4 d6 6. Nge2 Nc6 7. O-O e5 8. d3 Nd7 9. Be3 Nc5 10. Qd2 Ne6 11. f4 f5 12. exf5 gxf5 13. fxe5 dxe5 14. Nd5 a5 15. Bh3 Ncd4 16. Nxd4 exd4 17. Bxf5 dxe3 18. Bxe6+ Bxe6 19. Qxe3 Rxf1+ 20. Rxf1 Bxd5 21. cxd5 Qxd5 22. Rf4 Rf8 23. Rg4 Qf7 24. Rf4 Qd5 25. Rg4 Qf3 26. Qe6+ Kh8 0-1

[Event "South Wales Winter Open"]
[Site "?"]
[Date "2025.01.18"]
[Round "2.9"]
[White "Kong, Emma Zihan"]
[Black "Kett, Tim"]
[Result "1-0"]
[WhiteElo "1772"]
[BlackElo "2104"]
[PlyCount "67"]
[GameId "2149921642868851"]
[EventDate "2025.01.22"]

1. d4 Nf6 2. c4 c5 3. d5 b5 4. cxb5 a6 5. bxa6 Bxa6 6. Nc3 d6 7. g3 g6 8. Bg2 Bg7 9. Nf3 O-O 10. O-O Nbd7 11. Re1 Qb6 12. e4 Ng4 13. Bh3 h5 14. Na4 Qa7 15. Bf4 Rfb8 16. Bxg4 hxg4 17. Ng5 Bc8 18. b3 Bxa1 19. Qxa1 c4 20. Nxf7 Kxf7 21. Qh8 Nf6 22. e5 dxe5 23. Bh6 Bf5 24. Qg7+ Ke8 25. Rxe5 cxb3 26. Qf8+ Kd7 27. Rxe7+ Kd6 28. Qxf6+ Kxd5 29. Re5+ Kc4 30. Nb2+ Kb4 31. Qd6+ Kc3 32. Nd1+ Kc4 33. Nb2+ Kc3 34. Qd2# 1-0

[Event "South Wales Winter Open"]
[Site "?"]
[Date "2025.01.18"]
[Round "2.10"]
[White "Robinson, David"]
[Black "Jansen Van Rensburg, Leon"]
[Result "1-0"]
[WhiteElo "1881"]
[BlackElo "1707"]
[PlyCount "105"]
[GameId "2149921642868852"]
[EventDate "2025.01.22"]

1. e4 c5 2. Nf3 Nc6 3. d4 cxd4 4. c3 dxc3 5. Nxc3 e5 6. Bc4 h6 7. O-O Nf6 8. Qe2 Be7 9. Rd1 O-O 10. h3 d6 11. Be3 Be6 12. Bb5 a6 13. Bxc6 bxc6 14. Nxe5 Qc7 15. Nf3 d5 16. exd5 cxd5 17. Rac1 Qb7 18. Bd4 Rfe8 19. Re1 Nd7 20. Qd2 Bf6 21. b3 Qb4 22. Nxd5 Qxd2 23. Nxf6+ Nxf6 24. Nxd2 Red8 25. Be3 Rd3 26. Nf3 Rad8 27. Ne5 R3d5 28. Nc6 Re8 29. Nb4 Ra5 30. Rc6 Ra8 31. Rec1 Kh7 32. Bf4 Nd5 33. Nxd5 Bxd5 34. R6c2 Be6 35. Bd2 Rb5 36. Rc5 Rb7 37. Kf1 Rd8 38. Ba5 Rd5 39. Ke1 Re7 40. Kf1 Red7 41. Rxd5 Rxd5 42. Bc3 Rb5 43. Ke2 Rg5 44. g4 h5 45. f4 Rb5 46. Rg1 hxg4 47. hxg4 g5 48. Rh1+ Kg6 49. f5+ Bxf5 50. gxf5+ Kxf5 51. Rf1+ Kg6 52. Rf6+ Kg7 53. Rxa6+ 1-0

[Event "South Wales Winter Open"]
[Site "?"]
[Date "2025.01.18"]
[Round "2.11"]
[White "Morgans, Justin"]
[Black "Harris, Callum"]
[Result "1-0"]
[WhiteElo "1737"]
[BlackElo "1897"]
[PlyCount "87"]
[GameId "2149921642868853"]
[EventDate "2025.01.22"]

1. d4 d5 2. Nf3 Nf6 3. e3 e6 4. Bd3 Bd6 5. b3 O-O 6. Bb2 Nbd7 7. Nbd2 c5 8. O-O b6 9. Ne5 a5 10. a4 Qc7 11. f4 Ba6 12. Qe2 Bxd3 13. Qxd3 Rfc8 14. c4 cxd4 15. Nxd7 Qxd7 16. Bxd4 Bc5 17. Rfd1 Qd6 18. Rac1 Bxd4 19. Qxd4 Rc6 20. cxd5 exd5 21. Nf3 Rac8 22. Rxc6 Rxc6 23. Ne5 Rc5 24. Nc4 Qc7 25. Ne5 h6 26. h3 Rc3 27. Rd3 Rc1+ 28. Kh2 Rb1 29. Rc3 Qb7 30. Qd3 Rb2 31. Qf5 Ne8 32. Rc8 Qe7 33. Qd3 f6 34. Qxd5+ Kh7 35. Qe4+ Kg8 36. Qd5+ Kh7 37. Qd3+ Kg8 38. Ng6 Qf7 39. Rc3 Qb7 40. e4 Kf7 41. Nh4 g5 42. Nf5 gxf4 43. Qf3 Ng7 44. Nd6+ 1-0

[Event "South Wales Winter Open"]
[Site "?"]
[Date "2025.01.18"]
[Round "2.12"]
[White "Thomas, Roy"]
[Black "Parri, Deio"]
[Result "1/2-1/2"]
[WhiteElo "1837"]
[BlackElo "1754"]
[PlyCount "74"]
[GameId "2149921642868854"]
[EventDate "2025.01.22"]

1. f4 d5 2. Nf3 c5 3. e3 Nc6 4. Be2 Nf6 5. O-O e6 6. d3 Be7 7. Nc3 O-O 8. Qe1 d4 9. Ne4 dxe3 10. Bxe3 b6 11. Nxf6+ Bxf6 12. c3 Bb7 13. Rd1 Qc7 14. Ng5 Ne7 15. Ne4 Nd5 16. Nxf6+ Nxf6 17. Qh4 Rad8 18. d4 Nd5 19. Bc1 c4 20. f5 e5 21. dxe5 Qxe5 22. Bxc4 Qc7 23. f6 Nxf6 24. Rxd8 Rxd8 25. Bg5 Qc6 26. Qg3 Ne4 27. Bxf7+ Kh8 28. Qe3 Nxc3 29. Qf3 Qxf3 30. gxf3 Ne2+ 31. Kf2 Rd7 32. Bh5 h6 33. Be3 Rd5 34. Bf7 Rf5 35. Bg6 Rf6 36. Bh5 Nf4 37. Bg4 Nd3+ 1/2-1/2

[Event "South Wales Winter Open"]
[Site "?"]
[Date "2025.01.18"]
[Round "2.13"]
[White "Van Kemenade, Julie"]
[Black "Schevchenko, Danylo"]
[Result "0-1"]
[WhiteElo "1808"]
[BlackElo "1727"]
[PlyCount "108"]
[GameId "2149921642872951"]
[EventDate "2025.01.22"]

1. e4 e5 2. Nf3 Nc6 3. Bb5 Nf6 4. d3 d6 5. h3 Be7 6. O-O O-O 7. Re1 h6 8. Nbd2 Bd7 9. c3 Nh7 10. Nf1 f5 11. Bc4+ Kh8 12. exf5 Bxf5 13. Ne3 Ng5 14. Nxg5 Bxg5 15. Nxf5 Rxf5 16. Be6 Rf8 17. Qg4 Bxc1 18. Raxc1 Rf4 19. Qg3 Qf6 20. Bb3 Rf8 21. Re2 Ne7 22. Qe3 c5 23. Bc2 Nf5 24. Qd2 Nh4 25. Qe1 Qg5 26. Qf1 Rf3 27. Kh1 Nxg2 28. Qxg2 Qxc1+ 29. Kh2 Qf4+ 30. Kg1 a6 31. d4 Qg5 32. Qxg5 hxg5 33. dxe5 dxe5 34. Kg2 R3f4 35. Be4 b6 36. f3 Rd8 37. Kg3 Kg8 38. Bg6 Rd6 39. Be4 Kf7 40. Kf2 g6 41. Kg3 Kg7 42. Kg2 Rf8 43. Kg3 Rfd8 44. Kg4 Kf6 45. Bxg6 Kxg6 46. Rxe5 Rd5 47. Re6+ Kf7 48. Re4 R8d6 49. f4 Kf6 50. Re8 gxf4 51. Rf8+ Ke7 52. Rxf4 Rd2 53. h4 Rg6+ 54. Kf5 Rf6+ 0-1

[Event "South Wales Winter Open"]
[Site "?"]
[Date "2025.01.18"]
[Round "2.14"]
[White "Probert, Malcolm"]
[Black "Dixon, Chris"]
[Result "1/2-1/2"]
[WhiteElo "1731"]
[BlackElo "1784"]
[PlyCount "46"]
[GameId "2149921642872952"]
[EventDate "2025.01.22"]

1. Nf3 d5 2. d4 Nf6 3. g3 e6 4. Bg2 Be7 5. O-O O-O 6. c4 c6 7. Nc3 Nbd7 8. Nd2 b6 9. e4 dxe4 10. Ndxe4 Bb7 11. Bf4 Nxe4 12. Nxe4 Nf6 13. Qc2 h6 14. Rad1 Nxe4 15. Bxe4 Bd6 16. Be3 Qc7 17. Rd2 f5 18. Bg2 f4 19. gxf4 Bxf4 20. Bxf4 Rxf4 21. Rd3 Raf8 22. Qe2 Qf7 23. Re3 Rf6 1/2-1/2

[Event "South Wales Winter Open"]
[Site "?"]
[Date "2025.01.18"]
[Round "2.15"]
[White "Beeston, Darson"]
[Black "Hanczar, Csege"]
[Result "1-0"]
[WhiteElo "1777"]
[BlackElo "1644"]
[PlyCount "35"]
[GameId "2149921642872953"]
[EventDate "2025.01.22"]

1. e4 c5 2. Be2 Nc6 3. d3 g6 4. f4 Bg7 5. Nf3 d6 6. O-O Nf6 7. Qe1 b5 8. c3 O-O 9. Qh4 b4 10. f5 Re8 11. Bh6 Bh8 12. Ng5 Ne5 13. d4 cxd4 14. cxd4 Qb6 15. Qf2 Neg4 16. Bxg4 Nxg4 17. fxg6 Nxh6 18. gxf7+ 1-0

[Event "South Wales Winter Open"]
[Site "?"]
[Date "2025.01.18"]
[Round "3.1"]
[White "Pleasants, Allan"]
[Black "Holm, Kristian Stuvik"]
[Result "0-1"]
[WhiteElo "1989"]
[BlackElo "2492"]
[PlyCount "44"]
[GameId "2149921642872954"]
[EventDate "2025.01.22"]

1. d4 Nf6 2. Nf3 d5 3. e3 c5 4. Be2 Nc6 5. O-O cxd4 6. exd4 Bf5 7. c4 e6 8. Nc3 Be7 9. Bg5 O-O 10. Rc1 h6 11. Bf4 dxc4 12. Bxc4 Rc8 13. Re1 Nb4 14. Bf1 Nfd5 15. Nxd5 Nxd5 16. Bd2 Rxc1 17. Qxc1 Qb6 18. Bc3 Rc8 19. Qd2 Qc7 20. Rc1 Bb4 21. Bd3 Bxc3 22. bxc3 Nxc3 0-1

[Event "South Wales Winter Open"]
[Site "?"]
[Date "2025.01.18"]
[Round "3.2"]
[White "Musson, Adam"]
[Black "Turner, George"]
[Result "0-1"]
[WhiteElo "2017"]
[BlackElo "1930"]
[PlyCount "84"]
[GameId "2149921642877051"]
[EventDate "2025.01.22"]

1. e4 c5 2. Nf3 d6 3. Bb5+ Nd7 4. c3 Ngf6 5. Qe2 g6 6. O-O Bg7 7. d4 O-O 8. h3 a6 9. Bd3 e5 10. dxe5 dxe5 11. a4 b6 12. Na3 Bb7 13. Rd1 Qc7 14. Bc2 Rfd8 15. Nc4 h6 16. Nd6 Bf8 17. Nxf7 Kxf7 18. Qc4+ Kg7 19. Bb3 Bxe4 20. Qf7+ Kh8 21. Nh4 g5 22. Ng6+ Bxg6 23. Qxg6 Bg7 24. Re1 Nf8 25. Qf5 Qd7 26. Rxe5 Qxf5 27. Rxf5 c4 28. Bc2 Rd5 29. Rf3 Re8 30. Be3 N8d7 31. h4 Ng4 32. hxg5 Nxe3 33. fxe3 hxg5 34. Raf1 g4 35. Rf4 Bh6 36. Rxg4 Bxe3+ 37. Kh2 Ne5 38. Re4 Bc5 39. Rh1 Kg7 40. Kg3 Rd2 41. Bb1 Bd6 42. Rf1 Nd3+ 0-1

[Event "South Wales Winter Open"]
[Site "?"]
[Date "2025.01.18"]
[Round "3.3"]
[White "Jules, Sam"]
[Black "Brown, Thomas"]
[Result "0-1"]
[WhiteElo "1910"]
[BlackElo "2118"]
[PlyCount "122"]
[GameId "2149921642877052"]
[EventDate "2025.01.22"]

1. e4 c6 2. d4 d5 3. Nc3 dxe4 4. Nxe4 Nf6 5. Nxf6+ exf6 6. c3 Bd6 7. Bd3 O-O 8. Qc2 Re8+ 9. Ne2 f5 10. Bd2 g6 11. O-O-O c5 12. h4 Nc6 13. h5 cxd4 14. hxg6 hxg6 15. g4 Ne5 16. gxf5 Nxd3+ 17. Qxd3 Bxf5 18. Qxd4 Be5 19. Qxd8 Raxd8 20. Be3 Rxd1+ 21. Rxd1 Bg4 22. Re1 f5 23. Kd2 a6 24. Nf4 Kf7 25. Nd3 Bd6 26. Bc5 Rxe1 27. Kxe1 Bxc5 28. Nxc5 Bf3 29. Kd2 Ke7 30. Ke3 Bd5 31. Kd4 Kd6 32. c4 Bc6 33. f4 a5 34. Nd3 Ke6 35. Kc5 Kf6 36. Kd6 a4 37. b4 axb3 38. axb3 Be4 39. Nc5 g5 40. fxg5+ Kxg5 41. Ke5 Bg2 42. b4 Kg4 43. Ne6 Bf1 44. c5 Bc4 45. Nf4 Bb5 46. Nd5 Bd3 47. Kd4 Bb5 48. Nc3 Bd7 49. Nd5 Bc6 50. Nc3 f4 51. b5 Bd7 52. b6 Kg3 53. Ne4+ Kg2 54. Kd3 Bc6 55. Nd6 f3 56. Nf5 f2 57. Ne3+ Kg1 58. Ke2 Bb5+ 59. Kd2 f1=Q 60. Nxf1 Kxf1 61. Ke3 Bc6 0-1

[Event "South Wales Winter Open"]
[Site "?"]
[Date "2025.01.18"]
[Round "3.4"]
[White "May, Adam"]
[Black "Rathbone-Jones, Ifan"]
[Result "1/2-1/2"]
[WhiteElo "1906"]
[BlackElo "2159"]
[PlyCount "55"]
[GameId "2149921642881149"]
[EventDate "2025.01.22"]

1. d4 c5 2. d5 d6 3. Nc3 Na6 4. e4 Nc7 5. Nf3 g6 6. Bc4 Bg7 7. a4 Rb8 8. O-O Nf6 9. Re1 Bg4 10. h3 Bxf3 11. Qxf3 O-O 12. Bg5 a6 13. a5 b5 14. axb6 Rxb6 15. Ra2 Nd7 16. Bf1 h6 17. Bh4 Rb4 18. Bg3 Qb8 19. Nd1 Kh7 20. c3 Rb6 21. Qd3 Qb7 22. Qc2 Rb8 23. f4 Nf6 24. Bc4 Qc8 25. Ne3 Qb7 26. Nd1 Qc8 27. Ne3 Qb7 28. Nd1 1/2-1/2

[Event "South Wales Winter Open"]
[Site "?"]
[Date "2025.01.18"]
[Round "3.5"]
[White "Fathallah, Joe"]
[Black "Kong, Emma Zihan"]
[Result "1/2-1/2"]
[WhiteElo "2036"]
[BlackElo "1772"]
[PlyCount "60"]
[GameId "2149921642881150"]
[EventDate "2025.01.22"]

1. d4 d5 2. c4 e6 3. Nc3 Nf6 4. cxd5 exd5 5. Bg5 Nbd7 6. e3 c6 7. Bd3 Be7 8. Qc2 g6 9. Nge2 Nh5 10. Bxe7 Qxe7 11. O-O O-O 12. Rab1 Ndf6 13. b4 Ng7 14. b5 cxb5 15. Rxb5 Be6 16. Rfb1 b6 17. a4 Nge8 18. Qa2 Nd6 19. R5b2 Rfc8 20. a5 Nc4 21. Bxc4 dxc4 22. Ra1 Nd5 23. Nxd5 Bxd5 24. Nc3 Be4 25. Qa3 Qxa3 26. Rxa3 Bd3 27. f3 bxa5 28. Rxa5 Rab8 29. Rba2 Rb3 30. Nd5 Kg7 1/2-1/2

[Event "South Wales Winter Open"]
[Site "?"]
[Date "2025.01.18"]
[Round "3.6"]
[White "Toczek, Grzegorz"]
[Black "Beeston, Darson"]
[Result "1-0"]
[WhiteElo "2239"]
[BlackElo "1777"]
[PlyCount "33"]
[GameId "2149921642881151"]
[EventDate "2025.01.22"]

1. e4 e5 2. Nf3 Nc6 3. d4 exd4 4. Bc4 Nf6 5. e5 Ne4 6. Qe2 Bb4+ 7. Kf1 d5 8. exd6 f5 9. dxc7 Qxc7 10. Nbd2 Ne5 11. Bb5+ Bd7 12. Bxd7+ Kxd7 13. Qb5+ Ke6 14. Nxd4+ Kf6 15. Nxe4+ fxe4 16. Qxb4 Rad8 17. Bg5+ 1-0

[Event "South Wales Winter Open"]
[Site "?"]
[Date "2025.01.18"]
[Round "3.7"]
[White "Shevchenko, Danylo"]
[Black "Binks, Michael"]
[Result "1/2-1/2"]
[WhiteElo "1727"]
[BlackElo "1977"]
[PlyCount "58"]
[GameId "2149921642885248"]
[EventDate "2025.01.22"]

1. e4 c6 2. d4 d5 3. exd5 cxd5 4. Bd3 Nc6 5. c3 Nf6 6. Bf4 e6 7. Nf3 Bd6 8. Ne5 Qc7 9. Qe2 Nd7 10. Bb5 O-O 11. Bxc6 bxc6 12. Nd2 c5 13. O-O cxd4 14. cxd4 Qc2 15. Nxd7 Bxf4 16. Nxf8 Qxd2 17. Qb5 Rb8 18. Qc5 Qxb2 19. g3 Bh6 20. Rab1 Qxb1 21. Rxb1 Rxb1+ 22. Kg2 g6 23. Nxg6 hxg6 24. Qxc8+ Kg7 25. Qc3 Bg5 26. Qa5 Rb2 27. Kf3 Rb7 28. h4 Be7 29. Qa4 Bf6 1/2-1/2

[Event "South Wales Winter Open"]
[Site "?"]
[Date "2025.01.18"]
[Round "3.9"]
[White "Wilkins, Zack"]
[Black "Robinson, David"]
[Result "0-1"]
[WhiteElo "1687"]
[BlackElo "1881"]
[PlyCount "74"]
[GameId "2149921642889346"]
[EventDate "2025.01.21"]

1. e4 d5 2. exd5 Qxd5 3. Nf3 Nf6 4. Be2 c6 5. Nc3 Qa5 6. d4 Bf5 7. O-O e6 8. Be3 Bb4 9. Nb1 h6 10. Ne5 Nbd7 11. f4 Nd5 12. Bf2 Nxf4 13. Bg4 Nxe5 14. Bxf5 Nc4 15. c3 Bd6 16. Qb3 Nb6 17. Bg4 Qd5 18. Qxd5 Nbxd5 19. c4 Nb4 20. Nc3 Nfd3 21. Ne4 Bc7 22. Bf3 Nxf2 23. Rxf2 O-O 24. Rd2 Rfd8 25. a3 Na6 26. b4 Bf4 27. Rd3 Rxd4 28. Rxd4 Be3+ 29. Kf1 Bxd4 30. Rd1 e5 31. Nd6 Rb8 32. b5 cxb5 33. Bxb7 Nc5 34. Bd5 bxc4 35. Bxf7+ Kf8 36. Bxc4 Rb2 37. Nf5 Rf2+ 0-1

[Event "South Wales Winter Open"]
[Site "?"]
[Date "2025.01.18"]
[Round "3.10"]
[White "Turner, Joshua David"]
[Black "Hollyman, Mike"]
[Result "1-0"]
[WhiteElo "1852"]
[BlackElo "1632"]
[PlyCount "59"]
[GameId "2149921642889347"]
[EventDate "2025.01.21"]

1. e4 c6 2. Nc3 d5 3. Nf3 dxe4 4. Nxe4 Nf6 5. Qe2 Bf5 6. d3 e6 7. h3 Nbd7 8. Nd4 Bxe4 9. dxe4 Nc5 10. Be3 Qa5+ 11. c3 Ncxe4 12. Qc4 Nd6 13. Qb3 Be7 14. O-O-O Qb6 15. Qc2 Qc7 16. g4 a5 17. Bg2 Nd5 18. c4 Nxe3 19. fxe3 c5 20. Qa4+ Qd7 21. Qxd7+ Kxd7 22. Nb5 Rhb8 23. Rhf1 Ra6 24. Rxf7 Ke8 25. Rxg7 Nxb5 26. cxb5 Rb6 27. Rxh7 Rxb5 28. Be4 Bf6 29. Bg6+ Kf8 30. Rf7+ 1-0

[Event "South Wales Winter Open"]
[Site "?"]
[Date "2025.01.18"]
[Round "3.11"]
[White "Kett, Tim"]
[Black "Dixon, Chris"]
[Result "1-0"]
[WhiteElo "2104"]
[BlackElo "1784"]
[PlyCount "76"]
[GameId "2149921642889348"]
[EventDate "2025.01.21"]

1. e4 d5 2. exd5 Qxd5 3. Nc3 Qd8 4. d4 Nf6 5. Nf3 Bg4 6. h3 Bxf3 7. Qxf3 c6 8. Be3 e6 9. Bc4 Nbd7 10. O-O Bd6 11. Rad1 O-O 12. Rfe1 Qc7 13. Bg5 h6 14. Bxf6 Nxf6 15. Ne4 Be7 16. c3 Nd5 17. g3 b6 18. h4 Rad8 19. Bd3 Qd7 20. Nd2 b5 21. Bb1 c5 22. Qd3 f5 23. dxc5 Bxc5 24. Nb3 Bb6 25. Nd4 Bxd4 26. Qxd4 Qe7 27. Qe5 Nc7 28. Bc2 Rxd1 29. Rxd1 Rd8 30. Rxd8+ Qxd8 31. Bb3 Kh8 32. Kf1 a5 33. a4 bxa4 34. Bxa4 Qd3+ 35. Kg1 Qd8 36. Bb3 Qd7 37. Qxa5 Ne8 38. Ba4 Qd8 1-0

[Event "South Wales Winter Open"]
[Site "?"]
[Date "2025.01.18"]
[Round "3.12"]
[White "Szakmany, Bence"]
[Black "Probert, Malcolm"]
[Result "1-0"]
[WhiteElo "1930"]
[BlackElo "1731"]
[PlyCount "65"]
[GameId "2149921642893445"]
[EventDate "2025.01.21"]

1. e4 d5 2. exd5 Qxd5 3. Nc3 Qd6 4. d4 g6 5. Nb5 Qb6 6. Bf4 Na6 7. a4 c6 8. a5 Qd8 9. Nc3 Bg7 10. Bxa6 bxa6 11. Nge2 Nh6 12. Ne4 Nf5 13. c3 O-O 14. O-O Bh6 15. Re1 Bxf4 16. Nxf4 Nd6 17. Nc5 Rb8 18. b4 Nb5 19. Qf3 Qd6 20. Rac1 Nc7 21. Re2 Nd5 22. Nxd5 cxd5 23. Rce1 e6 24. Qf6 Qd8 25. Qf4 Bb7 26. Re3 Kg7 27. Rh3 h5 28. g4 Qf6 29. Qxf6+ Kxf6 30. Nd7+ Kg7 31. gxh5 gxh5 32. Nxb8 Rxb8 33. Rxh5 1-0